[Event "M.Botvinnik Memorial 2012"]
[Site "St. Petersburg, Russia"]
[Date "2012.08.27"]
[Round "3"]
[White "Bogachkova, Alena"]
[Black "Lamorelle, Julien"]
[Result "0-1"]
[WhiteElo "2086"]
[BlackElo "2290"]
[PlyCount "50"]
[EventDate "2012.08.25"]

1. e4 c5 2. Nf3 e6 3. d4 cxd4 4. Nxd4 a6 5. Bd3 Bc5 6. Nb3 Be7 7. O-O d6 8. Qg4
g6 9. Qe2 Nd7 10. f4 Qc7 11. a4 b6 12. Nc3 Bb7 13. f5 gxf5 14. exf5 e5 15. Be4
Ngf6 16. Bxb7 Qxb7 17. Re1 Rg8 18. Nd4 O-O-O 19. Nf3 Rg4 20. h3 Rg3 21. Kh1
Rdg8 22. Rg1 d5 23. Bf4 exf4 24. Qxe7 d4 25. Na2 Qxf3 0-1

[Event "M.Botvinnik Memorial 2012"]
[Site "St. Petersburg, Russia"]
[Date "2012.08.27"]
[Round "3.62"]
[White "Martynov, Pavel"]
[Black "Svidinsky, Dmitry"]
[Result "1-0"]
[WhiteElo "2289"]
[BlackElo "2064"]
[PlyCount "107"]
[EventDate "2012.08.25"]

1. d4 d5 2. c4 c6 3. cxd5 cxd5 4. Nc3 Nf6 5. Bf4 Nc6 6. e3 a6 7. Bd3 Bg4 8.
Nge2 e6 9. h3 Bh5 10. Qb3 Na5 11. Qa4+ Nc6 12. Rc1 Be7 13. Bh2 Bg6 14. Nf4 Bxd3
15. Nxd3 O-O 16. O-O Nd7 17. Qd1 Qa5 18. Na4 Rfc8 19. a3 b5 20. Nac5 Nxc5 21.
Nxc5 b4 22. a4 Qb6 23. Qg4 Na5 24. Be5 g6 25. b3 h5 26. Qf3 Qd8 27. Qf4 Bg5 28.
Qf3 Qe7 29. Qe2 Rc6 30. g4 h4 31. f4 Bf6 32. Bxf6 Qxf6 33. Nd7 Qd8 34. Rxc6
Nxc6 35. Nc5 Qb6 36. Qf2 Qd8 37. f5 exf5 38. gxf5 Qg5+ 39. Kh1 Re8 40. fxg6 f5
41. Rg1 Qxe3 42. Qxf5 Rf8 43. Qxd5+ Kg7 44. Ne6+ Kh6 45. Qg5+ Qxg5 46. Rxg5 Rg8
47. Rg4 Na5 48. d5 Nb7 49. Rxb4 Nd6 50. g7 Nf5 51. Rg4 Kh7 52. Rg5 Ng3+ 53.
Rxg3 hxg3 54. d6 1-0

[Event "M.Botvinnik Memorial 2012"]
[Site "St. Petersburg, Russia"]
[Date "2012.08.27"]
[Round "3.63"]
[White "Rassokhina, Ekaterina"]
[Black "Solovyov, Viktor"]
[Result "1-0"]
[WhiteElo "2062"]
[BlackElo "2278"]
[PlyCount "82"]
[EventDate "2012.08.25"]

1. d4 Nf6 2. c4 e6 3. Nf3 d5 4. Nc3 dxc4 5. e3 a6 6. Bxc4 c5 7. a4 Nc6 8. O-O
Be7 9. Ne5 cxd4 10. Nxc6 bxc6 11. exd4 O-O 12. Re1 Bb7 13. Bf4 Nd5 14. Nxd5
cxd5 15. Bd3 Bd6 16. Bxd6 Qxd6 17. Qb1 g6 18. b4 Rfc8 19. Qb2 Rc7 20. Rac1 Rac8
21. Rc5 Rb8 22. Rec1 Re7 23. b5 e5 24. Qd2 exd4 25. bxa6 Bxa6 26. Rc6 Qxc6 27.
Rxc6 Bxd3 28. h4 Bc4 29. Qxd4 h5 30. a5 Ra8 31. f4 Ree8 32. f5 Re1+ 33. Kh2 Re4
34. Qf6 Rf4 35. Qg5 Rg4 36. Qe7 gxf5 37. Rh6 Rg7 38. Qf6 Bf1 39. Rxh5 Rxg2+ 40.
Kh1 Rg7 41. Qh6 Kf8 1-0

[Event "M.Botvinnik Memorial 2012"]
[Site "St. Petersburg, Russia"]
[Date "2012.08.27"]
[Round "3.64"]
[White "Chetverik, Maxim"]
[Black "Potyavin, Igor"]
[Result "1/2-1/2"]
[WhiteElo "2272"]
[BlackElo "2053"]
[PlyCount "101"]
[EventDate "2012.08.25"]

1. d4 Nf6 2. c4 e6 3. Nf3 d5 4. g3 Bb4+ 5. Bd2 Bxd2+ 6. Nbxd2 b6 7. Bg2 Bb7 8.
Ne5 O-O 9. O-O Na6 10. Qa4 Qd6 11. Rac1 c5 12. e3 Rfc8 13. Rfd1 Rc7 14. a3 Rac8
15. Nd3 cxd4 16. exd4 Qd7 17. Qxd7 Nxd7 18. cxd5 Bxd5 19. Bxd5 exd5 20. Nb1
Rxc1 21. Rxc1 Rxc1+ 22. Nxc1 Nc7 23. Nc3 Kf8 24. f3 Ke7 25. Kf2 Kf6 26. Ke3 b5
27. Nd3 Nb6 28. b3 Nd7 29. h4 a5 30. h5 Nb6 31. h6 gxh6 32. Ne5 Ke6 33. Ne2 a4
34. Nf4+ Ke7 35. bxa4 bxa4 36. Nc6+ Kd6 37. Nd8 Nc4+ 38. Kd3 Ke7 39. Nxd5+ Nxd5
40. Kxc4 Ne3+ 41. Kd3 Nf5 42. Nc6+ Kd6 43. Ne5 Nxg3 44. Nxf7+ Ke6 45. Nxh6 Kd5
46. f4 Ne4 47. Ng4 Nd6 48. Nf6+ Ke6 49. Ne4 Nb5 50. Nc5+ Kf5 51. Nxa4 1/2-1/2

[Event "M.Botvinnik Memorial 2012"]
[Site "St. Petersburg, Russia"]
[Date "2012.08.27"]
[Round "3.65"]
[White "Trapeznikova, Darya"]
[Black "Krivonos, Nikolay"]
[Result "0-1"]
[WhiteElo "2050"]
[BlackElo "2258"]
[PlyCount "100"]
[EventDate "2012.08.25"]

1. e4 e5 2. Nf3 Nc6 3. d4 exd4 4. Nxd4 Bc5 5. Nb3 Bb6 6. Nc3 Qf6 7. Qe2 Nge7 8.
Be3 d6 9. O-O-O O-O 10. h4 Be6 11. Nd5 Bxd5 12. exd5 Bxe3+ 13. Qxe3 Nb4 14. Qe4
a5 15. a3 a4 16. Qxb4 axb3 17. Qxb3 Qxf2 18. Bd3 Ng6 19. Bxg6 fxg6 20. Rd2 Qc5
21. Re1 b5 22. Rde2 Ra4 23. Re8 Raf4 24. g3 R4f5 25. Rxf8+ Rxf8 26. Qd3 Rf5 27.
Rd1 h5 28. Qe4 Kh7 29. Kb1 Qf2 30. Rd3 Re5 31. Qb4 Re1+ 32. Ka2 Qxc2 33. Qxb5
Qb1+ 34. Kb3 Re2 35. Ka4 Rxb2 36. Rb3 Qd1 37. Qd3 Rd2 38. Qf3 Rd4+ 39. Kb5
Rxd5+ 40. Kc6 Rc5+ 41. Kb7 Qd2 42. Qd3 Qa5 43. Qa6 Qe1 44. Qd3 Qe8 45. Rb4 Qc6+
46. Kb8 Rc3 47. Qb5 Qxb5+ 48. Rxb5 Rxa3 49. Kxc7 Rxg3 50. Kxd6 Rg4 0-1

[Event "M.Botvinnik Memorial 2012"]
[Site "St. Petersburg, Russia"]
[Date "2012.08.27"]
[Round "3.66"]
[White "Toivonen, Alexander V"]
[Black "Panov, Ivan"]
[Result "1-0"]
[WhiteElo "2250"]
[BlackElo "2033"]
[PlyCount "45"]
[EventDate "2012.08.25"]

1. d4 d5 2. c4 c6 3. cxd5 cxd5 4. Nf3 Nc6 5. Nc3 Nf6 6. e3 Bf5 7. Ne5 e6 8. g4
Bg6 9. h4 h6 10. Nxg6 fxg6 11. Bd3 Kf7 12. f4 Bd6 13. Qf3 Ne7 14. Bd2 a6 15.
O-O-O b5 16. Kb1 Rc8 17. h5 Rf8 18. g5 Nfg8 19. e4 b4 20. Ne2 hxg5 21. e5 Bb8
22. Bxb4 Qb6 23. Bxg6+ 1-0

[Event "M.Botvinnik Memorial 2012"]
[Site "St. Petersburg, Russia"]
[Date "2012.08.27"]
[Round "3.67"]
[White "Bronnikova, Elizaveta"]
[Black "Klukin, Kirill"]
[Result "1/2-1/2"]
[WhiteElo "2238"]
[BlackElo "2025"]
[PlyCount "80"]
[EventDate "2012.08.25"]

1. e4 c5 2. Nf3 d6 3. d4 cxd4 4. Nxd4 Nf6 5. Nc3 a6 6. Be2 e5 7. Nb3 Be7 8. O-O
O-O 9. Kh1 Nc6 10. f4 b5 11. Bf3 Bb7 12. Nd5 exf4 13. Bxf4 Ne5 14. Nd4 Nxd5 15.
exd5 Bf6 16. Nc6 Bxc6 17. dxc6 Rc8 18. c3 Nxf3 19. Qxf3 Qc7 20. Rad1 Rfd8 21.
Rd5 Qxc6 22. Bg5 Bxg5 23. Qxf7+ Kh8 24. Rxg5 Rg8 25. Rh5 Qe8 26. Qf5 h6 27. Qh3
Qg6 28. Rhf5 Rc5 29. Rf7 Re5 30. Qf3 Rge8 31. Rf8+ Rxf8 32. Qxf8+ Kh7 33. Qf3
Qe4 34. Qxe4+ Rxe4 35. Kg1 Re2 36. Rf2 Re1+ 37. Rf1 Re2 38. Rf2 Re1+ 39. Rf1
Re2 40. Rf2 Re1+ 1/2-1/2

[Event "M.Botvinnik Memorial 2012"]
[Site "St. Petersburg, Russia"]
[Date "2012.08.27"]
[Round "3.68"]
[White "Yakovlev, Yuri S"]
[Black "Andrenko, Irina"]
[Result "0-1"]
[WhiteElo "2035"]
[BlackElo "2228"]
[PlyCount "46"]
[EventDate "2012.08.25"]

1. e4 g6 2. d4 Bg7 3. Be3 d6 4. Qd2 c6 5. c4 Nd7 6. Bd3 e5 7. Ne2 Ngf6 8. f3
O-O 9. Nbc3 exd4 10. Nxd4 Ne5 11. Be2 d5 12. cxd5 cxd5 13. f4 Nc4 14. Bxc4 dxc4
15. h3 Nxe4 16. Nxe4 Re8 17. O-O-O Rxe4 18. Nb5 Qxd2+ 19. Bxd2 Bd7 20. Nd6 Re2
21. Bc3 Bxc3 22. bxc3 Rxa2 23. Nxf7 Ba4 0-1

[Event "M.Botvinnik Memorial 2012"]
[Site "St. Petersburg, Russia"]
[Date "2012.08.27"]
[Round "3.69"]
[White "Mikhailov, Ivan"]
[Black "Pashinsky, Mikhail"]
[Result "0-1"]
[WhiteElo "2026"]
[BlackElo "2220"]
[PlyCount "100"]
[EventDate "2012.08.25"]

1. d4 Nf6 2. c4 e6 3. Nf3 Bb4+ 4. Nbd2 O-O 5. a3 Be7 6. e4 d5 7. Bd3 c5 8. Qc2
dxe4 9. Nxe4 Nxe4 10. Bxe4 f5 11. Bd3 cxd4 12. O-O Nc6 13. Re1 a5 14. c5 Qd5
15. Bc4 Qxc5 16. Bxe6+ Bxe6 17. Qxc5 Bxc5 18. Rxe6 a4 19. Bf4 Rae8 20. Rae1
Rxe6 21. Rxe6 Rd8 22. Bd2 d3 23. Re1 Nd4 24. Ne5 Nb3 25. Bc3 Bd4 26. Bxd4 Rxd4
27. Rd1 Nc5 28. g3 Re4 29. Nf3 Re2 30. Rd2 Rxd2 31. Nxd2 Ne4 32. Nc4 g5 33. f3
Nd6 34. Ne3 f4 35. gxf4 gxf4 36. Nd1 Nb5 37. Kf2 Nd4 38. Nc3 b5 39. Ne4 Kf7 40.
Kg2 Kg6 41. Kf2 Kf5 42. Kg2 Ke5 43. Kf2 Kd5 44. Nd2 Nc6 45. Ne4 Ne5 46. Kg2 Kd4
47. Kf2 Ng4+ 48. Kg2 Ne3+ 49. Kf2 Nd1+ 50. Ke1 Nxb2 0-1

[Event "M.Botvinnik Memorial 2012"]
[Site "St. Petersburg, Russia"]
[Date "2012.08.27"]
[Round "3.70"]
[White "Kharmunova, Nadezhda"]
[Black "Bykova, Anastasia"]
[Result "1-0"]
[WhiteElo "2219"]
[BlackElo "2013"]
[PlyCount "61"]
[EventDate "2012.08.25"]

1. Nf3 d5 2. d4 Nf6 3. c4 c6 4. Nc3 Qb6 5. Qc2 Bg4 6. e3 e6 7. Bd3 Nbd7 8. b3
Be7 9. Bb2 Bh5 10. cxd5 cxd5 11. Ne5 Bg6 12. Nxg6 hxg6 13. Rc1 O-O 14. O-O Rfc8
15. Qe2 Qd8 16. e4 dxe4 17. Nxe4 Nd5 18. Qf3 Qa5 19. a3 Qb6 20. Bc4 N7f6 21.
Ng5 Qd8 22. Rfe1 a6 23. g3 Qf8 24. Qe2 Bxa3 25. Bxa3 Qxa3 26. Nxf7 Kxf7 27.
Qxe6+ Kf8 28. Bxd5 Nxd5 29. Rxc8+ Rxc8 30. Qxc8+ Kf7 31. Qe6+ 1-0

[Event "M.Botvinnik Memorial 2012"]
[Site "St. Petersburg, Russia"]
[Date "2012.08.27"]
[Round "3.72"]
[White "Opanasenko, Mikhail"]
[Black "Rjanova, Valery"]
[Result "1/2-1/2"]
[WhiteElo "2016"]
[BlackElo "2208"]
[PlyCount "74"]
[EventDate "2012.08.25"]

1. e4 c5 2. Nf3 Nc6 3. Bb5 e6 4. Nc3 Nge7 5. O-O Nd4 6. Nxd4 cxd4 7. Ne2 a6 8.
Ba4 b5 9. Bb3 Nc6 10. d3 Bc5 11. f4 Na5 12. Ng3 Nxb3 13. axb3 Qh4 14. Qe2 Qe7
15. Qg4 f6 16. f5 O-O 17. Bf4 e5 18. Bd2 d5 19. Kh1 Kh8 20. Rf3 dxe4 21. dxe4
Ra7 22. Qh4 Rc7 23. Nh5 Bd7 24. Rh3 Rg8 25. Rxa6 g5 26. Qg4 Rc6 27. Rxc6 Bxc6
28. Rf3 Qa7 29. h4 Qa1+ 30. Kh2 d3 31. hxg5 Qg1+ 32. Kg3 Rxg5 33. Bxg5 Qe1+ 34.
Kh3 Qh1+ 35. Kg3 Qe1+ 36. Kh3 Qh1+ 37. Kg3 Qe1+ 1/2-1/2

[Event "M.Botvinnik Memorial 2012"]
[Site "St. Petersburg, Russia"]
[Date "2012.08.27"]
[Round "3.73"]
[White "Bulatov, Ramil"]
[Black "Dushin, Nikolay"]
[Result "1-0"]
[WhiteElo "2205"]
[BlackElo "1998"]
[PlyCount "87"]
[EventDate "2012.08.25"]

1. e4 c6 2. d4 d5 3. f3 dxe4 4. fxe4 e5 5. Nf3 exd4 6. Bc4 Be6 7. Bxe6 fxe6 8.
O-O Be7 9. e5 c5 10. Na3 Nc6 11. Nc4 Qd5 12. Ng5 Nh6 13. Qd3 b5 14. Nd6+ Bxd6
15. exd6 c4 16. Qh3 Kd7 17. Nf7 Nxf7 18. Rxf7+ Kxd6 19. Bf4+ Kc5 20. b4+ Nxb4
21. Re1 Nc6 22. Rc7 Kb4 23. Rxe6 d3 24. Rcxc6 Qd4+ 25. Qe3 Qxe3+ 26. Rxe3 Rad8
27. cxd3 Rxd3 28. Rxd3 cxd3 29. Bd6+ Ka5 30. Rc3 Re8 31. Rxd3 Re2 32. a3 Kb6
33. Bf8 a5 34. Rd6+ Kc7 35. Ra6 a4 36. Ra7+ Kc6 37. Rxg7 Re8 38. Bb4 Kd5 39.
Rxh7 Kc4 40. h4 Kb3 41. h5 Re4 42. h6 Rxb4 43. axb4 a3 44. Ra7 1-0

[Event "M.Botvinnik Memorial 2012"]
[Site "St. Petersburg, Russia"]
[Date "2012.08.27"]
[Round "3.74"]
[White "Voronenkov, Sergey"]
[Black "Lupik, Marina"]
[Result "1/2-1/2"]
[WhiteElo "2012"]
[BlackElo "2197"]
[PlyCount "131"]
[EventDate "2012.08.25"]

1. e4 c5 2. Nf3 d6 3. d4 cxd4 4. Nxd4 Nf6 5. Nc3 a6 6. Be3 Ng4 7. Bg5 h6 8. Bh4
g5 9. Bg3 Bg7 10. h3 Ne5 11. f3 Nbc6 12. Bf2 Ng6 13. Qd2 Bd7 14. g3 Be5 15. Nb3
e6 16. O-O-O b5 17. h4 Qf6 18. hxg5 hxg5 19. Rxh8+ Nxh8 20. Nc5 Bc8 21. Nd3
Bxc3 22. Qxc3 Qxc3 23. bxc3 Ke7 24. Nb4 Bb7 25. Nxc6+ Bxc6 26. Kb2 Ng6 27. Bd4
g4 28. Be2 gxf3 29. Bxf3 Rg8 30. Kb3 Nf8 31. g4 e5 32. Be3 Ne6 33. Rh1 Nf8 34.
c4 Bd7 35. cxb5 axb5 36. g5 Be6+ 37. Kb4 Nd7 38. Be2 Ra8 39. Bxb5 Rxa2 40. Bxd7
Kxd7 41. Kc3 Ra4 42. Kd3 Bc4+ 43. Kd2 Bb5 44. Rh7 Ke8 45. Rh6 Ke7 46. Rh7 Rxe4
47. g6 Bc4 48. g7 Rg4 49. Rh4 f5 50. Rxg4 fxg4 51. Bb6 Bf7 52. Ke3 Kf6 53. Bd8+
Kf5 54. c3 Bg8 55. Bc7 d5 56. Bd6 Be6 57. Bc7 Kf6 58. Bd6 e4 59. Bf8 Ke5 60.
Kf2 d4 61. g8=Q Bxg8 62. Bg7+ Kf4 63. Bh6+ Ke5 64. Bg7+ Kf4 65. Bh6+ Ke5 66.
Bg7+ 1/2-1/2

[Event "M.Botvinnik Memorial 2012"]
[Site "St. Petersburg, Russia"]
[Date "2012.08.27"]
[Round "3.75"]
[White "Suslova, Alena"]
[Black "Fedoseeva, Valentina"]
[Result "1/2-1/2"]
[WhiteElo "2196"]
[BlackElo "1957"]
[PlyCount "106"]
[EventDate "2012.08.25"]

1. c4 e6 2. Nf3 Nf6 3. g3 b6 4. Bg2 Bb7 5. O-O Be7 6. Nc3 O-O 7. b3 d5 8. Ne5
Nbd7 9. Nxd7 Qxd7 10. d3 c5 11. e4 dxe4 12. dxe4 Qd4 13. Bb2 Rfd8 14. Qc1 Qd7
15. Rd1 Qc6 16. Re1 Nd7 17. Ne2 Bf6 18. Bxf6 Nxf6 19. Nf4 Nd7 20. Qc3 Qc7 21.
Rad1 Rac8 22. h4 Qe5 23. Qd2 Qc7 24. Nh5 Ne5 25. Qc3 f6 26. Nf4 Qe7 27. Bh3
Rxd1 28. Rxd1 Rc6 29. f3 Bc8 30. Kf2 Rd6 31. Rxd6 Qxd6 32. Ke2 Kf7 33. Bf1 Nc6
34. Qd2 Qxd2+ 35. Kxd2 Nd4 36. Ke3 Nc2+ 37. Kd2 Nd4 38. Bg2 Bd7 39. Nd3 Ke7 40.
e5 Bc6 41. Ke3 Nf5+ 42. Kf2 Be8 43. Bf1 Bg6 44. h5 Be8 45. exf6+ gxf6 46. Nf4
Nd4 47. Bd3 f5 48. g4 Kf6 49. Nh3 h6 50. Kg3 Bc6 51. f4 fxg4 52. Nf2 Nf5+ 53.
Kxg4 Ne3+ 1/2-1/2

[Event "M.Botvinnik Memorial 2012"]
[Site "St. Petersburg, Russia"]
[Date "2012.08.27"]
[Round "3.76"]
[White "Kaneyama, Men Cher"]
[Black "Palchun, Grigory"]
[Result "0-1"]
[WhiteElo "1955"]
[BlackElo "2189"]
[PlyCount "73"]
[EventDate "2012.08.25"]

1. e4 c5 2. Nf3 Nc6 3. Bb5 g6 4. Bxc6 bxc6 5. O-O Bg7 6. Qe2 d6 7. Nc3 e5 8. d3
Ne7 9. Ne1 O-O 10. f4 f5 11. fxe5 Bxe5 12. Nf3 Bg7 13. Kh1 f4 14. e5 d5 15. Qf2
Bg4 16. Qh4 Bxf3 17. Rxf3 h6 18. Qg4 g5 19. Qe6+ Kh7 20. Bd2 Ng6 21. Rh3 Qe8
22. Qd6 Qxe5 23. Qxe5 Nxe5 24. Ne2 Ng4 25. Rf3 Bxb2 26. Rb1 Rab8 27. Re1 Rfe8
28. h3 Ne5 29. Rff1 c4 30. d4 Ng6 31. c3 Ba3 32. g3 Rb2 33. Bc1 Rbxe2 34. Rxe2
Rxe2 35. Bxa3 fxg3 36. Rf7+ Kg8 37. Rf6 0-1

[Event "M.Botvinnik Memorial 2012"]
[Site "St. Petersburg, Russia"]
[Date "2012.08.27"]
[Round "3.77"]
[White "Dotsenko, Sergey"]
[Black "Kamnev, Alexander"]
[Result "1-0"]
[WhiteElo "2188"]
[BlackElo "1890"]
[PlyCount "65"]
[EventDate "2012.08.25"]

1. e4 c5 2. Nf3 Nc6 3. Bb5 g6 4. O-O Bg7 5. Re1 e5 6. c3 a6 7. Bf1 Nge7 8. Na3
O-O 9. Nc2 d5 10. d3 d4 11. Bg5 h6 12. Bd2 Kh7 13. b4 b6 14. bxc5 bxc5 15. cxd4
exd4 16. Na3 Ne5 17. Nxe5 Bxe5 18. Qc1 Qd6 19. Nc4 Bxh2+ 20. Kh1 Qc7 21. e5 f6
22. Kxh2 fxe5 23. Kg1 Rf5 24. Ba5 Qc6 25. Nxe5 Qf6 26. Qxc5 Be6 27. Rab1 Rc8
28. Qxd4 Rf4 29. Qa7 Kg8 30. Rb8 Rf5 31. Ng4 Qg5 32. Rxe6 Qxg4 33. Rxe7 1-0

[Event "M.Botvinnik Memorial 2012"]
[Site "St. Petersburg, Russia"]
[Date "2012.08.27"]
[Round "3.78"]
[White "Boytsov, Alexander"]
[Black "Matsenko, Andrei"]
[Result "1/2-1/2"]
[WhiteElo "1920"]
[BlackElo "2188"]
[PlyCount "81"]
[EventDate "2012.08.25"]

1. e4 c5 2. Nf3 Nc6 3. c4 e6 4. Nc3 Nf6 5. d4 cxd4 6. Nxd4 Qc7 7. Be2 a6 8. Be3
Be7 9. Rc1 O-O 10. O-O d6 11. a3 Bd7 12. b4 Rac8 13. f4 Qb8 14. Qb3 Rfe8 15.
Bf3 Bf8 16. Nxc6 bxc6 17. Rb1 Red8 18. Qa4 Qc7 19. Qxa6 Ra8 20. Qb6 Qc8 21. e5
Rxa3 22. exf6 Rxc3 23. Qd4 Ra3 24. Bc1 Ra4 25. fxg7 Bxg7 26. Qxd6 c5 27. Qxc5
Qxc5+ 28. bxc5 Bd4+ 29. Kh1 Rxc4 30. Bb2 Bxc5 31. Rfd1 Be7 32. g3 Ba4 33. Rxd8+
Bxd8 34. Be5 Kf8 35. Rb8 Ke7 36. Rb7+ Kf8 37. Rb8 Ke7 38. Rb7+ Kf8 39. Rb8 Ke7
40. Rb7+ Kf8 41. Rb8 1/2-1/2

[Event "M.Botvinnik Memorial 2012"]
[Site "St. Petersburg, Russia"]
[Date "2012.08.27"]
[Round "3.79"]
[White "Pimenov, Revolt"]
[Black "Shemenko, Georgy"]
[Result "1-0"]
[WhiteElo "2186"]
[BlackElo "1746"]
[PlyCount "89"]
[EventDate "2012.08.25"]

1. d4 Nf6 2. Nc3 d5 3. Bg5 e6 4. e4 dxe4 5. Bxf6 Qxf6 6. Nxe4 Qg6 7. Qe2 Be7 8.
O-O-O O-O 9. g4 Nc6 10. h4 e5 11. dxe5 Qxg4 12. Qxg4 Bxg4 13. f3 Be6 14. f4
Rad8 15. Bd3 Nb4 16. a3 Nxd3+ 17. cxd3 Bf5 18. Ne2 Rxd3 19. Rxd3 Bxe4 20. Rd7
Bxh1 21. Rxe7 c5 22. Ng3 Bc6 23. Nf5 a6 24. Rc7 h5 25. Ne7+ Kh7 26. Nxc6 bxc6
27. Rxc6 Rd8 28. Rd6 Ra8 29. Kc2 a5 30. f5 a4 31. Rd7 Re8 32. Rd5 Rc8 33. Kc3
Rc7 34. Kc4 Rb7 35. Kxc5 Rxb2 36. Kd6 Rb6+ 37. Ke7 g5 38. Kxf7 Rb7+ 39. Kf6 g4
40. e6 g3 41. e7 Rb8 42. Kf7 g2 43. f6 Kh6 44. e8=Q Rb7+ 45. Kf8 1-0

[Event "M.Botvinnik Memorial 2012"]
[Site "St. Petersburg, Russia"]
[Date "2012.08.27"]
[Round "3.81"]
[White "Bezobrazov, Lev"]
[Black "Bezgodova, Maria"]
[Result "0-1"]
[WhiteElo "1675"]
[BlackElo "2206"]
[PlyCount "54"]
[EventDate "2012.08.25"]

1. e4 e5 2. Nf3 Nc6 3. Bc4 Bc5 4. b4 Bxb4 5. c3 Ba5 6. O-O Nf6 7. d4 O-O 8. Bg5
d6 9. Qd3 Bb6 10. a3 Bg4 11. Nbd2 Qe7 12. Bd5 Nd8 13. dxe5 dxe5 14. a4 c6 15.
Bb3 Ne6 16. Bxf6 Qxf6 17. Bc2 Nf4 18. Qc4 Rad8 19. Qb3 Rd6 20. c4 Qg6 21. Nxe5
Qg5 22. Nxg4 Rxd2 23. h3 Ne2+ 24. Kh1 Nd4 25. f4 Nxb3 26. fxg5 Nxa1 27. Rxa1
Rxc2 0-1

[Event "M.Botvinnik Memorial 2012"]
[Site "St. Petersburg, Russia"]
[Date "2012.08.27"]
[Round "3.82"]
[White "Vardanian, Hamazasp"]
[Black "Van Den Ouden, Lendert"]
[Result "1-0"]
[WhiteElo "2153"]
[BlackElo "2000"]
[PlyCount "79"]
[EventDate "2012.08.25"]

1. c4 c6 2. Nf3 d5 3. b3 Nf6 4. Bb2 Bf5 5. e3 e6 6. Nc3 Nbd7 7. Be2 h6 8. d3
Bd6 9. Qd2 Qc7 10. h3 Bh7 11. g4 a6 12. Rg1 O-O-O 13. a3 Nc5 14. b4 Nb3 15. Qd1
Nxa1 16. c5 Be7 17. Na4 Nd7 18. Bxg7 Rhg8 19. Qxa1 Bf8 20. Bb2 b5 21. cxb6 Nxb6
22. Be5 Qb7 23. Nxb6+ Qxb6 24. Kf1 Be7 25. Kg2 h5 26. Nd4 Kd7 27. Rc1 Rc8 28.
Nb3 hxg4 29. hxg4 Bf5 30. Nc5+ Bxc5 31. bxc5 Qb5 32. Bd6 Bxd3 33. Qf6 Rge8 34.
Qxf7+ Kd8 35. Bxd3 Qxd3 36. Rh1 Qe4+ 37. f3 Qxe3 38. Rh7 Qe2+ 39. Kh3 Qf1+ 40.
Kh4 1-0

[Event "M.Botvinnik Memorial 2012"]
[Site "St. Petersburg, Russia"]
[Date "2012.08.27"]
[Round "3.83"]
[White "Pen, Pyotr"]
[Black "Kazantsev, Alexandr"]
[Result "1-0"]
[WhiteElo "2138"]
[BlackElo "1960"]
[PlyCount "53"]
[EventDate "2012.08.25"]

1. e4 c5 2. Nf3 d6 3. d4 cxd4 4. Nxd4 Nf6 5. Nc3 a6 6. f3 Nbd7 7. Be3 e6 8. Qd2
Be7 9. O-O-O O-O 10. g4 Qc7 11. g5 Ne8 12. h4 Ne5 13. h5 b5 14. g6 fxg6 15.
hxg6 Nxg6 16. Bh3 Rf6 17. Bg5 Nf8 18. Bxf6 Nxf6 19. Rhg1 b4 20. Nce2 e5 21.
Bxc8 Rxc8 22. Nf5 Ne8 23. Kb1 Ng6 24. Rc1 Rb8 25. Qd5+ Kf8 26. Rxg6 Rb5 27. Qe6
1-0

[Event "M.Botvinnik Memorial 2012"]
[Site "St. Petersburg, Russia"]
[Date "2012.08.27"]
[Round "3.84"]
[White "Shulakova, Svetlana"]
[Black "Aleksandrov, Grigoriy"]
[Result "1-0"]
[WhiteElo "2123"]
[BlackElo "1845"]
[PlyCount "49"]
[EventDate "2012.08.25"]

1. d4 Nf6 2. c4 e6 3. Nc3 d5 4. cxd5 exd5 5. Bg5 Be7 6. e3 c6 7. Bd3 O-O 8. Qc2
Nbd7 9. Nf3 Re8 10. O-O Nf8 11. Rab1 a5 12. a3 b5 13. Ne5 Bb7 14. Ne2 Rc8 15.
Ng3 h6 16. Bxf6 Bxf6 17. f4 Qb6 18. b4 Ra8 19. Nh5 Re6 20. Ng4 Bxd4 21. exd4
Qxd4+ 22. Kh1 axb4 23. Rxb4 Qa7 24. f5 Qxa3 25. Rb3 1-0

[Event "M.Botvinnik Memorial 2012"]
[Site "St. Petersburg, Russia"]
[Date "2012.08.27"]
[Round "3.85"]
[White "Veelenturf, Wim"]
[Black "Rupel, David G"]
[Result "0-1"]
[WhiteElo "1690"]
[BlackElo "2100"]
[PlyCount "92"]
[EventDate "2012.08.25"]

1. e4 c5 2. c3 g6 3. Nf3 Bg7 4. Qc2 Nc6 5. d3 d5 6. exd5 Qxd5 7. Be2 Nf6 8. O-O
b6 9. Ne1 Bb7 10. Bf4 e5 11. Bf3 Qe6 12. Bg3 O-O 13. Nd2 Rfd8 14. Rd1 Qxa2 15.
Nb3 c4 16. dxc4 Rxd1 17. Bxd1 Na5 18. Nxa5 Qxa5 19. Bf3 e4 20. Be2 Qc5 21. Bf4
Nd7 22. Qa4 Bc6 23. Qa2 Qf5 24. Bg3 a5 25. Nc2 Bb7 26. Ne3 Qc5 27. Rd1 Ne5 28.
Qb1 a4 29. Nd5 f5 30. Bf4 Bxd5 31. Rxd5 Qe7 32. Bxe5 Bxe5 33. Qd1 Ra7 34. Rd8+
Kg7 35. Qd5 Bf6 36. Rd6 a3 37. bxa3 Bxc3 38. Qe6 Qxe6 39. Rxe6 Bd4 40. g3 Rxa3
41. Rd6 Bc5 42. Rd1 Ra2 43. Kf1 g5 44. Rb1 f4 45. gxf4 gxf4 46. Bg4 Rxf2+ 0-1

[Event "M.Botvinnik Memorial 2012"]
[Site "St. Petersburg, Russia"]
[Date "2012.08.27"]
[Round "3.86"]
[White "Korchagina, Viktoria"]
[Black "Fokin, Anatoly"]
[Result "1-0"]
[WhiteElo "2071"]
[BlackElo "1803"]
[PlyCount "91"]
[EventDate "2012.08.25"]

1. e4 e5 2. Nf3 Nc6 3. Bb5 a6 4. Ba4 Nf6 5. O-O Be7 6. Re1 b5 7. Bb3 d6 8. c3
O-O 9. h3 Na5 10. Bc2 c5 11. d4 Qc7 12. Nbd2 Kh8 13. Nf1 Ng8 14. Ne3 Be6 15. d5
Bd7 16. a4 Rab8 17. Qe2 g6 18. g4 f6 19. b3 Rf7 20. Nh2 Bf8 21. Nhf1 Ne7 22.
Ng3 Bg7 23. Bd2 Rbf8 24. axb5 axb5 25. c4 b4 26. Kg2 f5 27. exf5 gxf5 28. Nexf5
Nxf5 29. Nxf5 Bxf5 30. gxf5 e4 31. Ra2 Rxf5 32. Be3 Bc3 33. Rg1 Bd4 34. Bxd4+
cxd4 35. Qxe4 Rxf2+ 36. Kh1 R2f4 37. Qg2 Rf2 38. Qe4 R2f4 39. Qg2 Nb7 40. Ra7
Qd7 41. Bd1 Qe7 42. c5 Rf2 43. cxd6 Qf6 44. Qg3 Nxd6 45. Rg7 Qd8 46. Rxh7+ 1-0

[Event "M.Botvinnik Memorial 2012"]
[Site "St. Petersburg, Russia"]
[Date "2012.08.27"]
[Round "3.87"]
[White "Kokhnover, Ilya"]
[Black "Nikomanis, Andreas"]
[Result "0-1"]
[WhiteElo "1743"]
[BlackElo "2049"]
[PlyCount "92"]
[EventDate "2012.08.25"]

1. e4 c5 2. Nf3 Nc6 3. Bb5 g6 4. O-O Bg7 5. c3 Nf6 6. Re1 O-O 7. h3 Qc7 8. d4
cxd4 9. cxd4 d5 10. e5 Ne4 11. Nc3 Nxc3 12. bxc3 Bf5 13. Nh4 Bd7 14. Bd3 Na5
15. Bd2 Nc4 16. Qc2 Rac8 17. Rac1 Bb5 18. Bxc4 Qxc4 19. Qb3 Rc7 20. Qxc4 Rxc4
21. Rb1 Ba6 22. Nf3 e6 23. Rb4 Rfc8 24. Rc1 Bf8 25. a3 Bxb4 26. axb4 R4c7 27.
Nh2 h5 28. Nf3 Bb5 29. Ne1 b6 30. Ra1 Ra8 31. Rb1 a6 32. Nc2 Bd3 33. Rb2 Bxc2
34. Rxc2 a5 35. Ra2 Raa7 36. bxa5 bxa5 37. Kf1 Rc4 38. Ke2 a4 39. Kd3 Rb7 40.
Kc2 Kg7 41. Ra3 f6 42. f4 fxe5 43. fxe5 Kf7 44. Bc1 Ke7 45. Bb2 Kd8 46. Ra1 Rf7
0-1

[Event "M.Botvinnik Memorial 2012"]
[Site "St. Petersburg, Russia"]
[Date "2012.08.27"]
[Round "3.88"]
[White "Panov, Konstantin"]
[Black "Savinov, Leonid"]
[Result "0-1"]
[WhiteElo "1604"]
[BlackElo "2208"]
[PlyCount "122"]
[EventDate "2012.08.25"]

1. e4 e5 2. Nf3 Nf6 3. Nxe5 d6 4. Nf3 Nxe4 5. d4 Be7 6. Bd3 Bf5 7. Nbd2 d5 8.
O-O O-O 9. Re1 Nd6 10. Bxf5 Nxf5 11. c3 Nd7 12. Nf1 Nf6 13. Ne3 Nd6 14. Nf1
Nfe4 15. N1d2 f5 16. Ne5 c6 17. f3 Nf6 18. Nb3 Nc4 19. Nxc4 dxc4 20. Nd2 b5 21.
Qe2 Bd6 22. Qe6+ Kh8 23. Qxf5 Nd5 24. Qc2 Bxh2+ 25. Kf1 Bg3 26. Re4 Qh4 27.
Rxh4 Ne3+ 28. Ke2 Nxc2 29. Rg4 Nxa1 30. Rxg3 Rae8+ 31. Ne4 b4 32. Kd1 b3 33. a3
Nc2 34. Rg5 Re6 35. Rg4 h6 36. Bf4 g5 37. Bc1 Kh7 38. Bd2 Rf5 39. Rg3 Kg6 40.
Nc5 Re7 41. Ne4 Ra5 42. Bc1 Rd5 43. Bd2 Kf5 44. Rg4 Kg6 45. Rg3 a5 46. Rh3 a4
47. Kc1 Rf5 48. Rh1 Re6 49. Nc5 Rxc5 50. dxc5 Re2 51. Rg1 h5 52. g3 Rh2 53. f4
g4 54. Kd1 Kf5 55. Kc1 h4 56. gxh4 Rxh4 57. Kd1 Rh2 58. Bc1 Nxa3 59. Re1 g3 60.
Rg1 Nb1 61. Be3 Nxc3+ 0-1